Statistiques concernant Game of thrones (ASOAIF) : La garde royale

Cliquez ici pour prendre le quiz!

Statistiques générales

  • Ce quiz a été pris 42 fois
  • Le résultat moyen est 21 sur 57

Statistiques - réponses

HintRéponse% Correct
Sous Robert / Joffrey Baratheon (AGOT)Lord CommandantJaime Lannister
91%
Sous Robert Baratheon, avant AGOT (juste après la rebellion de Robert)Jaime Lannister
91%
Sous Joffrey / Tywin (ASOS et AFFC)Lord CommandantJaime Lannister
91%
Sous Joffrey Baratheon, après la bataille de la Nera (ACOK)Lord CommandantJaime Lannister
91%
Sous Aerys IIJaime Lannister
91%
Sous Cersei Lannister (ADWD)Lord CommandantJaime Lannister
91%
Sous Aerys IIBarristan Selmy
82%
Sous Robert Baratheon, avant AGOT (juste après la rebellion de Robert)Lord CommandantBarristan Selmy
82%
Garde régine de DaenerysLord CommandantBarristan Selmy
82%
Garde régine de Daenerys(Exilé)Jorah Mormont
76%
Sous Joffrey Baratheon, après la bataille de la Nera (ACOK)Meryn Trant
68%
Sous Cersei Lannister (ADWD)Meryn Trant
68%
Sous Robert Baratheon, avant AGOT (juste après la rebellion de Robert)Meryn Trant
68%
Sous Joffrey / Tywin (ASOS et AFFC)Meryn Trant
68%
Sous Robert / Joffrey Baratheon (AGOT)Meryn Trant
68%
Sous Aerys IIArthur Dayne
62%
Garde Arc-en-ciel de RenlyLord CommandantLoras Tyrell
62%
Sous Cersei Lannister (ADWD)Loras Tyrell
62%
Sous Joffrey Baratheon, après la bataille de la Nera (ACOK)Loras Tyrell
62%
Sous Joffrey / Tywin (ASOS et AFFC)Loras Tyrell
62%
Sous Joffrey Baratheon, après la bataille de la Nera (ACOK)Sandor Clegane
47%
Sous Robert / Joffrey Baratheon (AGOT)Sandor Clegane
47%
Garde Arc-en-ciel de RenlyBleuBrienne de Torth
35%
Sous Aerys IILord CommandantGerold Hightower
32%
Sous Robert / Joffrey Baratheon (AGOT)Boros Blount
24%
Sous Joffrey / Tywin (ASOS et AFFC)Boros Blount
24%
Sous Cersei Lannister (ADWD)Boros Blount
24%
Sous Robert Baratheon, avant AGOT (juste après la rebellion de Robert)Boros Blount
24%
Sous Aerys IILewyn Martell
21%
Garde régine de DaenerysSang coureurRakharo
18%
Sous Joffrey Baratheon, après la bataille de la Nera (ACOK)Arys du Rouvre
15%
Sous Robert / Joffrey Baratheon (AGOT)Arys du Rouvre
15%
Sous Joffrey / Tywin (ASOS et AFFC)Arys du Rouvre
15%
Sous Robert Baratheon, avant AGOT (juste après la rebellion de Robert)Arys du Rouvre
15%
Sous Joffrey / Tywin (ASOS et AFFC)Balon Swann
15%
Sous Joffrey Baratheon, après la bataille de la Nera (ACOK)Balon Swann
15%
Sous Cersei Lannister (ADWD)Balon Swann
15%
Garde régine de DaenerysSang coureurAggo
12%
Sous Robert Baratheon, avant AGOT (juste après la rebellion de Robert)Mandon Moore
12%
Sous Robert / Joffrey Baratheon (AGOT)Mandon Moore
12%
Sous Aerys IIOswell Whent
12%
Sous Robert Baratheon, avant AGOT (juste après la rebellion de Robert)Preston Verchamps
12%
Sous Robert / Joffrey Baratheon (AGOT)Preston Verchamps
12%
Garde régine de DaenerysCombattant d'arèneBelwas le fort
9%
Sous Aerys IIJonothor Darry
9%
Sous Cersei Lannister (ADWD)Osmund Potaunoir
9%
Sous Joffrey / Tywin (ASOS et AFFC)Osmund Potaunoir
9%
Sous Joffrey Baratheon, après la bataille de la Nera (ACOK)Osmund Potaunoir
9%
Garde Arc-en-ciel de RenlyRougeRobar Royce
9%
Sous Cersei Lannister (ADWD)Robert Fort
9%
Garde Arc-en-ciel de RenlyOrangeBryce Caron
6%
Garde régine de DaenerysSang coureurJhogo
6%
Garde Arc-en-ciel de RenlyJauneEmmon Cuy
3%
Garde Arc-en-ciel de RenlyVertGuyard Morrigen
3%
Sous Aerys IIMort pendant le défi de SombrevalGwayne Gaunt
3%
Sous Aerys IIMort de Vieillesse, remplacé par le suivantHarlan Grandison
3%
Garde Arc-en-ciel de RenlyVioletParment Crane
3%

Distribution des résultats

Percentile par nombre de réponses

% des personnes avec chaque résultat

Votre développement - résultats

Vous n’avez pas pris ce quiz